Minecraft Songs - Statistics

General Stats
  • This quiz has been taken 53 times
    37 since last reset
  • The average score is 6 of 41
Answer Stats
Answer % Correct
Revenge
88%
Don’t mine at night
71%
Fallen kingdom
53%
Take back the night
53%
TNT
47%
Find the pieces
29%
Supernatural mobs
29%
Dragonhearted
24%
Through the night
24%
How do I craft this again
18%
Starless night
18%
The miner
18%
Boom boom boom boom boom boom boom boom
12%
I am believing
12%
I’ll make some cake
12%
Level up
12%
Shut up and mine
12%
Castle raid
6%
Enderman rap
6%
Gold
6%
Herobrines life
6%
Like an enderman
6%
Mobs can’t handle us
6%
Wrecking mob
6%
Banned
0%
Before monsters come
0%
Can stop I wither
0%
Crafted
0%
Diamond king
0%
Dragon doom
0%
Fated
0%
I’m a zombie
0%
I’ve got a bone
0%
Monster crew
0%
My house
0%
Nether reaches
0%
Nether zombie pig man rap
0%
Raiders
0%
Take me down
0%
The struggle
0%
You thought I used X-ray
0%
No matching quizzes found
Score Distribution
Percent of People with Each Score
Percentile by Number Answered
Your Score History
You have not taken this quiz since the last reset